[Event "CCA ChessWise op"]
[Site "Stratton Mountain"]
[Date "1999.06.16"]
[Round "8"]
[White "Young, Ronald"]
[Black "Hoekstra, Matthew"]
[Result "1/2-1/2"]
[WhiteElo "2299"]
[BlackElo "2171"]
[PlyCount "44"]
[EventDate "1999.06.??"]
[EventType "swiss"]
[EventRounds "9"]
[EventCountry "USA"]
[SourceTitle "EXT 2000"]
[Source "ChessBase"]
[SourceDate "1999.11.16"]
[SourceVersion "1"]
[SourceVersionDate "1999.11.16"]
[SourceQuality "1"]

1. e4 c5 2. Nf3 Nc6 3. Bb5 d6 4. 0-0 Bd7 5. Re1 Nf6 6. c3 a6 7. Bf1 Bg4 8. Na3 e6 9. Nc2 Be7 10. d3 d5 11. Bg5 dxe4 12. dxe4 Qb6 13. Rb1 Rd8 14. Qe2 0-0 15. h3 Bxf3 16. Qxf3 Nxe4 17. Rxe4 Bxg5 18. Qg3 Bf6 19. Ne3 g6 20. Nc4 Qa7 21. Qe3 Be7 22. h4 b5 1/2-1/2

[Event "CCA ChessWise op"]
[Site "Stratton Mountain"]
[Date "1999.06.11"]
[Round "1"]
[White "Goldin, Alexander"]
[Black "Young, Ronald"]
[Result "1/2-1/2"]
[WhiteElo "2585"]
[BlackElo "2299"]
[PlyCount "110"]
[EventDate "1999.06.??"]
[EventType "swiss"]
[EventRounds "9"]
[EventCountry "USA"]
[SourceTitle "EXT 2000"]
[Source "ChessBase"]
[SourceDate "1999.11.16"]
[SourceVersion "1"]
[SourceVersionDate "1999.11.16"]
[SourceQuality "1"]

1. d4 d5 2. c4 dxc4 3. e3 Nf6 4. Bxc4 e6 5. Nf3 c5 6. 0-0 a6 7. Bb3 b5 8. a4 Bb7 9. axb5 axb5 10. Rxa8 Bxa8 11. Nc3 b4 12. Na4 cxd4 13. Qxd4 Qxd4 14. Nxd4 Nbd7 15. Bd2 Be7 16. Rc1 0-0 17. f3 g5 18. e4 g4 19. Bf4 gxf3 20. gxf3 Nh5 21. Be3 Ne5 22. Rc7 Bd6 23. Ra7 Nd3 24. Nb6 Bc5 25. Rxa8 Bxb6 26. Rxf8+ Kxf8 27. Nxe6+ fxe6 28. Bxb6 Nhf4 29. Bc7 Ne2+ 30. Kf1 Nd4 31. Ba2 b3 32. Bb1 Nc2 33. Bd6+ Kf7 34. Ba3 Ne5 35. Bxc2 bxc2 36. b4 Nd3 37. b5 Ke8 38. f4 Nc5 39. Ke2 Nxe4 40. Kd3 Nd6 41. b6 Kd7 42. Kxc2 Nc4 43. Bc5 Kc6 44. Kc3 Nxb6 45. Bxb6 Kxb6 46. Kd4 Kc6 47. Ke5 Kd7 48. Kf6 Kd6 49. h4 Kd5 50. h5 Ke4 51. Kg5 Kf3 52. f5 exf5 53. Kxf5 Ke3 54. Kf6 Kd4 55. h6 Kd5 1/2-1/2

[Event "New York op"]
[Site "New York"]
[Date "1998.??.??"]
[Round "9"]
[White "Agrest, Evgenij"]
[Black "Young, Ronald"]
[Result "1-0"]
[WhiteElo "2525"]
[BlackElo "2295"]
[PlyCount "107"]
[EventDate "1998.03.16"]
[EventType "swiss"]
[EventRounds "9"]
[EventCountry "USA"]
[SourceTitle "EXT 1999"]
[Source "ChessBase"]
[SourceDate "1998.11.16"]
[SourceVersion "1"]
[SourceVersionDate "1998.11.16"]
[SourceQuality "1"]

1. c4 e5 2. Nc3 Nf6 3. Nf3 Nc6 4. a3 d5 5. cxd5 Nxd5 6. Qc2 Be7 7. e3 0-0 8. Nxd5 Qxd5 9. Bd3 Kh8 10. b4 f5 11. b5 e4 12. Bc4 Qc5 13. d4 exd3 14. Bxd3 Qxc2 15. Bxc2 Bf6 16. Rb1 Ne5 17. Nd4 Nc4 18. Bd3 Nd6 19. Bb2 c5 20. bxc6 bxc6 21. Rc1 Nb5 22. Rxc6 Nxd4 23. Bxd4 Bxd4 24. exd4 Rd8 25. Rc4 Be6 26. Rc3 Rxd4 27. 0-0 Rad8 28. Be2 g6 29. h3 Kg7 30. Rfc1 Kf6 31. Rc7 R8d7 32. R1c6 Rxc7 33. Rxc7 Ra4 34. Rc3 h5 35. Bb5 Rd4 36. Rc6 a5 37. Ra6 Rd1+ 38. Kh2 Ke5 39. f4+ Kf6 40. Bc4 Re1 41. Kg3 Ke7 42. Bxe6 Rxe6 43. Rxe6+ Kxe6 44. Kh4 Kd5 45. Kg5 Kc4 46. Kxg6 a4 47. Kxf5 Kb3 48. Ke4 Kxa3 49. f5 Kb3 50. f6 a3 51. f7 a2 52. f8Q a1Q 53. Qf7+ Kb4 54. Qb7+ 1-0

[Event "New York op"]
[Site "New York"]
[Date "1997.??.??"]
[Round "6"]
[White "Fedorowicz, John P"]
[Black "Young, Ronald"]
[Result "1-0"]
[WhiteElo "2510"]
[BlackElo "2285"]
[PlyCount "75"]
[EventDate "1997.04.02"]
[EventType "swiss"]
[EventRounds "9"]
[EventCountry "USA"]
[SourceTitle "EXT 2001"]
[Source "ChessBase"]
[SourceDate "2000.11.22"]
[SourceVersion "1"]
[SourceVersionDate "2000.11.22"]
[SourceQuality "1"]

1. e4 e5 2. Nf3 Nc6 3. Bb5 Bc5 4. 0-0 Nd4 5. Nxd4 Bxd4 6. c3 Bb6 7. d4 c6 8. Ba4 exd4 9. cxd4 d5 10. exd5 Qxd5 11. Re1+ Be6 12. Be3 0-0-0 13. Nc3 Qd7 14. d5 Bxd5 15. Nxd5 Qxd5 16. Qg4+ f5 17. Qxg7 Bd4 18. Bxd4 Qxd4 19. Qxd4 Rxd4 20. Bb3 Kd8 21. Rad1 Rxd1 22. Rxd1+ Ke7 23. Re1+ Kf8 24. Bxg8 Rxg8 25. Re5 Kg7 26. Re7+ Kh6 27. Rxb7 Rd8 28. g3 Rd2 29. Kg2 c5 30. a4 a5 31. Rb6+ Kg5 32. h4+ Kg4 33. Rb7 h6 34. Rg7+ Kh5 35. Rc7 Rc2 36. Rc6 f4 37. Kh3 fxg3 38. fxg3 1-0

[Event "World op 23rd"]
[Site "Philadelphia"]
[Date "1995.??.??"]
[Round "6"]
[White "Young, Ronald"]
[Black "Cooper, Thomas L"]
[Result "1-0"]
[WhiteElo "2430"]
[BlackElo "2220"]
[PlyCount "51"]
[EventDate "1995.06.??"]
[EventType "swiss"]
[EventRounds "9"]
[EventCountry "USA"]
[SourceTitle "EXT 2000"]
[Source "ChessBase"]
[SourceDate "1999.11.16"]
[SourceVersion "1"]
[SourceVersionDate "1999.11.16"]
[SourceQuality "1"]

1. e4 c6 2. d4 d5 3. Nd2 dxe4 4. Nxe4 Bf5 5. Ng3 Bg6 6. Bc4 e6 7. N1e2 Nf6 8. Nf4 e5 9. Nxg6 hxg6 10. c3 b5 11. Bb3 exd4 12. 0-0 Be7 13. cxd4 0-0 14. Re1 Nbd7 15. Qf3 Rc8 16. Bg5 Nb6 17. h4 Nbd5 18. Re5 Bd6 19. h5 Bxe5 20. dxe5 Re8 21. exf6 gxf6 22. hxg6 fxg6 23. Bxf6 Qd6 24. Bc3 b4 25. Bd4 Rf8 26. Ne4 1-0

[Event "New York Marshall/Enhance"]
[Site "New York"]
[Date "1994.??.??"]
[Round "4"]
[White "Hergott, Deen"]
[Black "Young, Ronald"]
[Result "1-0"]
[WhiteElo "2430"]
[BlackElo "2300"]
[PlyCount "32"]
[EventDate "1994.??.??"]
[EventType "tourn"]
[EventRounds "5"]
[EventCountry "USA"]
[SourceTitle "EXT 1997"]
[Source "ChessBase"]
[SourceDate "1996.11.15"]
[SourceVersion "1"]
[SourceVersionDate "1996.11.15"]
[SourceQuality "1"]

1. Nf3 d5 2. d4 Bg4 3. Ne5 Bf5 4. c4 f6 5. Nf3 e6 6. Nc3 c6 7. g3 Bb4 8. Qb3 Qb6 9. c5 Qa5 10. Bd2 Nd7 11. e4 Bg4 12. Bg2 Ne7 13. 0-0 0-0 14. Nxd5 Bxd2 15. Nxe7+ Kf7 16. Nf5 b6 1-0

[Event "New York Marshall/Enhance"]
[Site "New York"]
[Date "1994.??.??"]
[Round "1"]
[White "Remlinger, Larry"]
[Black "Young, Ronald"]
[Result "1/2-1/2"]
[WhiteElo "2455"]
[BlackElo "2300"]
[PlyCount "203"]
[EventDate "1994.??.??"]
[EventType "tourn"]
[EventRounds "5"]
[EventCountry "USA"]
[SourceTitle "EXT 1997"]
[Source "ChessBase"]
[SourceDate "1996.11.15"]
[SourceVersion "1"]
[SourceVersionDate "1996.11.15"]
[SourceQuality "1"]

1. Nf3 d5 2. g3 Nf6 3. Bg2 c6 4. 0-0 Bf5 5. d3 h6 6. Nbd2 e6 7. e3 Be7 8. Qe2 0-0 9. b3 a5 10. a4 Na6 11. Bb2 Nb4 12. Rfc1 Nd7 13. e4 Bh7 14. d4 f5 15. exd5 exd5 16. c3 Na6 17. c4 Nb4 18. cxd5 Nxd5 19. Nc4 Bb4 20. Qe6+ Kh8 21. Nfe5 N5f6 22. Rd1 Qe8 23. Qxe8 Raxe8 24. Nxd7 Nxd7 25. d5 cxd5 26. Bxd5 f4 27. Bc6 bxc6 28. Rxd7 Re7 29. Rxe7 Bxe7 30. Ba3 Bxa3 31. Rxa3 fxg3 32. hxg3 Rf5 33. Ra1 Bg8 34. Rc1 Rc5 35. f4 g5 36. fxg5 hxg5 37. Kf2 Bxc4 38. Rxc4 Rxc4 39. bxc4 Kg7 40. Ke3 Kf6 41. Kd4 Kf5 42. Kc5 Kg4 43. Kxc6 Kxg3 44. c5 g4 45. Kb5 Kf3 46. c6 g3 47. c7 g2 48. c8Q g1Q 49. Qf5+ Ke2 50. Qc2+ Kf3 51. Qf5+ Ke2 52. Qc2+ Kf3 53. Qd3+ Kf4 54. Qc4+ Kf3 55. Qd5+ Kf4 56. Kxa5 Qa7+ 57. Kb4 Qe7+ 58. Kb5 Qe8+ 59. Qc6 Qb8+ 60. Ka6 Kg3 61. a5 Kh3 62. Qd7+ Kh4 63. Qb7 Qd6+ 64. Qb6 Qd3+ 65. Kb7 Qd5+ 66. Kc8 Qf5+ 67. Kb8 Qe5+ 68. Qc7 Qe8+ 69. Kb7 Qe4+ 70. Qc6 Qe7+ 71. Kc8 Qf8+ 72. Kb7 Qe7+ 73. Qc7 Qe4+ 74. Kb6 Qe6+ 75. Kc5 Qe3+ 76. Kb4 Qe1+ 77. Qc3 Qe7+ 78. Kb3 Qa7 79. Qc4+ Kg3 80. a6 Qb6+ 81. Ka4 Qf2 82. Qc7+ Kh3 83. Qh7+ Kg3 84. Qg7+ Kh3 85. a7 Qc2+ 86. Kb4 Qe4+ 87. Kc5 Qf5+ 88. Kd6 Qd3+ 89. Ke6 Qa6+ 90. Kf5 Qd3+ 91. Kf6 Qd4+ 92. Kg6 Qe4+ 93. Kf7 Qd5+ 94. Ke7 Qb7+ 95. Kf6 Qf3+ 96. Ke6 Qc6+ 97. Kf5 Qf3+ 98. Kg5 Qg4+ 99. Kh6 Qh4+ 100. Kg6 Qe4+ 101. Kf6 Qd4+ 102. Kf7 1/2-1/2

[Event "New York State-ch 115th"]
[Site "Saratoga Springs"]
[Date "1993.09.05"]
[Round "4"]
[White "Campbell, Robert D"]
[Black "Young, Ronald"]
[Result "1-0"]
[WhiteElo "2051"]
[BlackElo "2371"]
[PlyCount "83"]
[EventDate "1993.09.03"]
[EventType "swiss"]
[EventRounds "6"]
[EventCountry "USA"]
[SourceTitle "EXT 2004"]
[Source "ChessBase"]
[SourceDate "2003.11.25"]
[SourceVersion "1"]
[SourceVersionDate "2003.11.25"]
[SourceQuality "1"]

1. d4 Nf6 2. c4 c6 3. Nc3 d6 4. Nf3 Bf5 5. g3 h6 6. Bg2 e6 7. 0-0 Nbd7 8. b3 Be7 9. Bb2 0-0 10. Nd2 e5 11. d5 c5 12. e4 Bg6 13. f4 Bh5 14. Qe1 exf4 15. gxf4 Re8 16. h3 Nh7 17. Qg3 Bh4 18. Qh2 Bf6 19. Kh1 Bd4 20. Rac1 a6 21. Ba1 g5 22. Bf3 Bxf3+ 23. Rxf3 gxf4 24. Qxf4 Ng5 25. Rff1 Ne5 26. h4 Kg7 27. Qg3 Ng6 28. Rf5 Nh7 29. Nf3 Bf6 30. h5 b5 31. hxg6 fxg6 32. Rg1 g5 33. Rxf6 Kxf6 34. e5+ Ke7 35. Ne4 Qd7 36. exd6+ Kf8 37. Nf6 Nxf6 38. Bxf6 Qf5 39. Be7+ Kg8 40. Qg4 Qxg4 41. Rxg4 Kg7 42. Ne5 1-0

[Event "New York State-ch 115th"]
[Site "Saratoga Springs"]
[Date "1993.09.04"]
[Round "2"]
[White "Ziane, Noureddine"]
[Black "Young, Ronald"]
[Result "0-1"]
[WhiteElo "2500"]
[BlackElo "2371"]
[PlyCount "58"]
[EventDate "1993.09.03"]
[EventType "swiss"]
[EventRounds "6"]
[EventCountry "USA"]
[SourceTitle "EXT 2004"]
[Source "ChessBase"]
[SourceDate "2003.11.25"]
[SourceVersion "1"]
[SourceVersionDate "2003.11.25"]
[SourceQuality "1"]

1. e4 c5 2. Nf3 d6 3. d4 Nf6 4. Nc3 cxd4 5. Nxd4 Nc6 6. Bc4 e6 7. Be3 Be7 8. Qe2 0-0 9. 0-0-0 Bd7 10. Rhg1 Rc8 11. Bb3 Na5 12. g4 Nxb3+ 13. axb3 Qa5 14. g5 Qa1+ 15. Kd2 Qxb2 16. gxf6 Qxc3+ 17. Kc1 Bxf6 18. Rg3 Rc5 19. Rd3 Qa1+ 20. Kd2 Rfc8 21. c4 Ra5 22. Nc2 Ra2 23. e5 Bxe5 24. f4 Rxc4 25. bxc4 Ba4 26. Qd1 Rxc2+ 27. Qxc2 Bxc2 28. Kxc2 Qa2+ 29. Kd1 Qxc4 0-1

[Event "New York Marshall CC"]
[Site "New York"]
[Date "1993.??.??"]
[Round "5"]
[White "Ginsburg, Mark"]
[Black "Young, Ronald"]
[Result "1/2-1/2"]
[WhiteElo "2405"]
[BlackElo "2300"]
[PlyCount "75"]
[EventDate "1993.??.??"]
[EventType "tourn"]
[EventRounds "11"]
[EventCountry "USA"]
[EventCategory "4"]
[SourceTitle "CBM 035 Extra"]
[Source "ChessBase"]
[SourceDate "1993.09.01"]
[SourceVersion "1"]
[SourceVersionDate "1993.09.01"]
[SourceQuality "1"]

1. c4 c6 2. e4 e5 3. Nc3 Nf6 4. Nf3 d6 5. d4 Bg4 6. dxe5 Bxf3 7. gxf3 dxe5 8. Qxd8+ Kxd8 9. f4 Bb4 10. Bg2 Nbd7 11. 0-0 Nb6 12. fxe5 Nfd7 13. Rd1 Ke8 14. f4 g5 15. Bh3 gxf4 16. Bxf4 Nc5 17. Rac1 Nxc4 18. a3 Bxc3 19. Rxc3 Nxb2 20. Rd4 Rg8+ 21. Bg3 Nba4 22. Rf3 Nb6 23. Kf1 Nbd7 24. Rxf7 Kxf7 25. e6+ Kf6 26. exd7 Rxg3 27. hxg3 Rd8 28. Rd6+ Ke7 29. Rh6 Nxd7 30. Rxh7+ Kd6 31. Ke2 Nc5 32. Ke3 a5 33. Bf5 Ke5 34. Re7+ Kf6 35. Rc7 Ke5 36. Re7+ Kf6 37. Rc7 Ke5 38. Re7+ 1/2-1/2

[Event "New York Marshall CC"]
[Site "New York"]
[Date "1993.??.??"]
[Round "1"]
[White "Lesiege, Alexandre"]
[Black "Young, Ronald"]
[Result "1-0"]
[WhiteElo "2505"]
[BlackElo "2300"]
[PlyCount "83"]
[EventDate "1993.??.??"]
[EventType "tourn"]
[EventRounds "11"]
[EventCountry "USA"]
[EventCategory "4"]
[SourceTitle "CBM 035 Extra"]
[Source "ChessBase"]
[SourceDate "1993.09.01"]
[SourceVersion "1"]
[SourceVersionDate "1993.09.01"]
[SourceQuality "1"]

1. d4 d5 2. c4 dxc4 3. Nf3 Nf6 4. e3 e6 5. Bxc4 c5 6. 0-0 a6 7. a4 Nc6 8. Qe2 Qc7 9. Nc3 Bd6 10. Rd1 0-0 11. h3 Re8 12. dxc5 Bxc5 13. e4 Nd7 14. Be3 b6 15. Rd2 Bb7 16. Rad1 Red8 17. Bg5 Be7 18. Bxe7 Nxe7 19. Ng5 Ne5 20. Rxd8+ Rxd8 21. Rxd8+ Qxd8 22. Qh5 h6 23. Nxe6 Qb8 24. Nd8 g6 25. Qd1 Nxc4 26. Qd7 Qf4 27. g3 Qf6 28. Nxb7 Nxb2 29. Qe8+ Kg7 30. e5 Qxe5 31. Nd8 Qxc3 32. Qxf7+ Kh8 33. Qxe7 Nd3 34. Nf7+ Kg8 35. Nxh6+ Kh8 36. Nf7+ Kg8 37. Qe8+ Kh7 38. Ng5+ Kh6 39. Ne4 Qa1+ 40. Kh2 Qe5 41. Qf8+ Qg7 42. Qd8 1-0

[Event "New York Marshall CC"]
[Site "New York"]
[Date "1993.??.??"]
[Round "7"]
[White "Moskow, Eric"]
[Black "Young, Ronald"]
[Result "1/2-1/2"]
[WhiteElo "2235"]
[BlackElo "2300"]
[PlyCount "108"]
[EventDate "1993.??.??"]
[EventType "tourn"]
[EventRounds "11"]
[EventCountry "USA"]
[EventCategory "4"]
[SourceTitle "CBM 035 Extra"]
[Source "ChessBase"]
[SourceDate "1993.09.01"]
[SourceVersion "1"]
[SourceVersionDate "1993.09.01"]
[SourceQuality "1"]

1. Nf3 d5 2. b3 Bg4 3. e3 Nd7 4. h3 Bh5 5. Bb2 Ngf6 6. Be2 e6 7. c4 c6 8. 0-0 Bd6 9. Nc3 0-0 10. cxd5 exd5 11. Nd4 Bxe2 12. Ncxe2 Re8 13. f4 Bf8 14. Ng3 Nc5 15. Nh5 Nxh5 16. Qxh5 g6 17. Qg4 Bg7 18. Rad1 Ne4 19. Bc1 Bxd4 20. exd4 Qf6 21. Bb2 Nd6 22. Rde1 Qf5 23. Qxf5 Nxf5 24. g4 Nd6 25. d3 f6 26. Kf2 Kf7 27. Rxe8 Rxe8 28. Re1 Rxe1 29. Kxe1 h6 30. Kf2 Ke6 31. Kf3 Nf7 32. Ba3 f5 33. Bf8 fxg4+ 34. hxg4 Kf6 35. Bc5 b6 36. Bb4 h5 37. Be1 hxg4+ 38. Kxg4 Nh6+ 39. Kf3 Kf5 40. Bh4 Nf7 41. Be7 Ke6 42. Bf8 g5 43. Kg4 gxf4 44. Kxf4 Kf6 45. Ba3 Nd8 46. Bd6 Ne6+ 47. Ke3 Kf5 48. Bb8 a6 49. Ba7 b5 50. Bb8 Kg4 51. Be5 Kf5 52. Bd6 Kg4 53. Be5 Kh3 54. Kf2 Kg4 1/2-1/2

[Event "New York Marshall"]
[Site "New York"]
[Date "1993.??.??"]
[Round "?"]
[White "Somlai, Laszlo"]
[Black "Young, Ronald"]
[Result "0-1"]
[WhiteElo "2385"]
[BlackElo "2300"]
[PlyCount "33"]
[EventDate "1993.??.??"]
[EventType "tourn"]
[EventRounds "9"]
[EventCountry "USA"]
[SourceTitle "EXT 1999"]
[Source "ChessBase"]
[SourceDate "1998.11.16"]
[SourceVersion "1"]
[SourceVersionDate "1998.11.16"]
[SourceQuality "1"]

1. Nc3 c5 2. Nf3 d5 3. e4 Nf6 4. exd5 Nxd5 5. Bb5+ Bd7 6. Bc4 Nf6 7. Ne5 e6 8. 0-0 Be7 9. d3 Nc6 10. f4 a6 11. a4 Qc7 12. Nxd7 Qxd7 13. g4 0-0 14. Rf2 Nd5 15. Bd2 Nb6 16. Ba2 Nb4 17. a5 0-1

[Event "New York Marshall"]
[Site "New York"]
[Date "1993.??.??"]
[Round "?"]
[White "Vulicevic, Nenad"]
[Black "Young, Ronald"]
[Result "1-0"]
[WhiteElo "2320"]
[BlackElo "2300"]
[PlyCount "54"]
[EventDate "1993.??.??"]
[EventType "tourn"]
[EventRounds "9"]
[EventCountry "USA"]
[SourceTitle "EXT 1999"]
[Source "ChessBase"]
[SourceDate "1998.11.16"]
[SourceVersion "1"]
[SourceVersionDate "1998.11.16"]
[SourceQuality "1"]

1. e4 c5 2. c3 d6 3. d4 Nf6 4. f3 Nc6 5. Be3 g6 6. Bb5 Qb6 7. Qe2 a6 8. Ba4 Bd7 9. dxc5 dxc5 10. Na3 Ne5 11. Bxd7+ Nfxd7 12. f4 Qxb2 13. Qxb2 Nd3+ 14. Kd2 Nxb2 15. Rb1 Na4 16. Rxb7 0-0-0 17. Ra7 Bg7 18. Ne2 Kb8 19. Rxa6 Kb7 20. Ra5 Ra8 21. Rb1+ Nab6 22. Nc4 Kc6 23. Rxc5+ Nxc5 24. Rxb6+ Kc7 25. Bxc5 Rxa2+ 26. Kd3 Rd8+ 27. Nd4 Re8 1-0

[Event "New York Marshall"]
[Site "New York"]
[Date "1993.??.??"]
[Round "?"]
[White "Young, Ronald"]
[Black "Ginsburg, Mark"]
[Result "1/2-1/2"]
[WhiteElo "2300"]
[BlackElo "2405"]
[PlyCount "72"]
[EventDate "1993.??.??"]
[EventType "tourn"]
[EventRounds "9"]
[EventCountry "USA"]
[SourceTitle "EXT 1999"]
[Source "ChessBase"]
[SourceDate "1998.11.16"]
[SourceVersion "1"]
[SourceVersionDate "1998.11.16"]
[SourceQuality "1"]

1. e4 g6 2. d4 Bg7 3. Nc3 d6 4. Bc4 Nc6 5. Nf3 Nf6 6. h3 0-0 7. 0-0 Nxe4 8. Bxf7+ Rxf7 9. Nxe4 h6 10. d5 Nb4 11. c3 Na6 12. Nd4 c6 13. dxc6 bxc6 14. Nxc6 Qc7 15. Nd4 d5 16. Ng3 e5 17. Nde2 Bb7 18. Be3 Nc5 19. f4 d4 20. cxd4 exd4 21. Nxd4 Rd8 22. Rc1 Qb6 23. Qc2 Rxd4 24. Qxc5 Qxc5 25. Rxc5 Rd3 26. Bf2 Rd2 27. f5 Rxb2 28. Rfc1 Rxa2 29. Rc7 Be5 30. Rxf7 Kxf7 31. fxg6+ Kxg6 32. Nf1 Bd4 33. Ne3 h5 34. Nd1 Bxf2+ 35. Nxf2 a5 36. h4 a4 1/2-1/2

[Event "New York Marshall CC"]
[Site "New York"]
[Date "1993.??.??"]
[Round "6"]
[White "Young, Ronald"]
[Black "Levitan, Yuliya"]
[Result "1-0"]
[WhiteElo "2300"]
[BlackElo "2280"]
[PlyCount "80"]
[EventDate "1993.??.??"]
[EventType "tourn"]
[EventRounds "11"]
[EventCountry "USA"]
[EventCategory "4"]
[SourceTitle "CBM 035 Extra"]
[Source "ChessBase"]
[SourceDate "1993.09.01"]
[SourceVersion "1"]
[SourceVersionDate "1993.09.01"]
[SourceQuality "1"]

1. e4 c5 2. Nc3 Nc6 3. f4 g6 4. Nf3 Bg7 5. Bc4 d6 6. 0-0 e6 7. d3 Nge7 8. Qe1 0-0 9. Qh4 Nd4 10. f5 gxf5 11. Qh5 d5 12. exd5 exd5 13. Bb3 c4 14. dxc4 dxc4 15. Bxc4 Nxf3+ 16. Qxf3 Qd4+ 17. Qe3 Qxc4 18. Qxe7 Be6 19. Be3 Rfe8 20. Qg5 Qg4 21. Rad1 Rac8 22. Qxg4 fxg4 23. Bd4 Bxd4+ 24. Rxd4 Red8 25. Rfd1 Rxd4 26. Rxd4 Kg7 27. Kf2 Rc6 28. Ke3 Rb6 29. b3 Rc6 30. Kd2 Kg6 31. Ne2 Bf5 32. c4 Kg5 33. Rd5 Kf6 34. Nd4 Be4 35. Nxc6 Bxd5 36. cxd5 bxc6 37. dxc6 Ke6 38. Ke3 Kd6 39. Kf4 Kxc6 40. Kxg4 Kb5 1-0

[Event "New York Marshall"]
[Site "New York"]
[Date "1993.??.??"]
[Round "?"]
[White "Young, Ronald"]
[Black "Waitzkin, Joshua"]
[Result "1/2-1/2"]
[WhiteElo "2300"]
[BlackElo "2345"]
[PlyCount "25"]
[EventDate "1993.??.??"]
[EventType "tourn"]
[EventRounds "9"]
[EventCountry "USA"]
[SourceTitle "EXT 1999"]
[Source "ChessBase"]
[SourceDate "1998.11.16"]
[SourceVersion "1"]
[SourceVersionDate "1998.11.16"]
[SourceQuality "1"]

1. e4 c5 2. Nf3 Nc6 3. Bb5 g6 4. 0-0 Bg7 5. Re1 Nf6 6. c3 a6 7. Bf1 0-0 8. h3 d5 9. e5 Ne8 10. d4 c4 11. Nbd2 b5 12. a3 a5 13. b3 1/2-1/2

[Event "World op 20th"]
[Site "Philadelphia"]
[Date "1992.??.??"]
[Round "7"]
[White "Remlinger, Larry"]
[Black "Young, Ronald"]
[Result "1-0"]
[WhiteElo "2340"]
[BlackElo "2305"]
[PlyCount "125"]
[EventDate "1992.06.??"]
[EventType "swiss"]
[EventRounds "9"]
[EventCountry "USA"]
[SourceTitle "TD"]
[Source "ChessBase"]
[SourceDate "1994.03.01"]
[SourceVersion "1"]
[SourceVersionDate "1994.03.01"]
[SourceQuality "1"]

1. d4 d5 2. c4 dxc4 3. Nc3 a6 4. e4 b5 5. a4 b4 6. Na2 Bb7 7. f3 e5 8. Bxc4 exd4 9. Qb3 Qe7 10. Nh3 Nc6 11. Bg5 f6 12. Bd2 Na5 13. Qd3 c5 14. Nf4 Nxc4 15. Qxc4 Qf7 16. Nd5 Bxd5 17. exd5 Rd8 18. Qxa6 Qxd5 19. 0-0 b3 20. Rae1+ Kf7 21. Nc1 Bd6 22. Qb5 Ne7 23. Qxb3 c4 24. Qa2 Nc6 25. Nd3 g5 26. Rc1 Ne5 27. Nxe5+ Bxe5 28. Qxc4 Qxc4 29. Rxc4 d3 30. Bc3 d2 31. Rd1 Rc8 32. Rxc8 Rxc8 33. Rxd2 Bxc3 34. bxc3 Rxc3 35. Ra2 Rc6 36. a5 Ra6 37. Kf2 Ke6 38. Ke3 Kd5 39. Kd3 h5 40. g3 h4 41. g4 h3 42. Ra3 Kc5 43. Ra4 Kb5 44. Ra1 Kb4 45. Ke4 Kc3 46. Kf5 Kb2 47. Ra4 Kb3 48. Ra1 Kb2 49. Rf1 Kc3 50. f4 Kd2 51. fxg5 Ke2 52. Ra1 fxg5 53. Kxg5 Kf3 54. Kf5 Ra8 55. g5 Rf8+ 56. Ke6 Rg8 57. Kf6 Kg4 58. a6 Rxg5 59. Rg1+ Kh4 60. Ra1 Rg8 61. Ra4+ Kh5 62. a7 Ra8 63. Ke6 1-0

[Event "World op 19th"]
[Site "Philadelphia"]
[Date "1991.??.??"]
[Round "?"]
[White "Byrne, Robert Eugene"]
[Black "Young, Ronald"]
[Result "1/2-1/2"]
[WhiteElo "2470"]
[BlackElo "2300"]
[PlyCount "45"]
[EventDate "1991.07.??"]
[EventType "swiss"]
[EventRounds "9"]
[EventCountry "USA"]
[SourceTitle "EXT 2000"]
[Source "ChessBase"]
[SourceDate "1999.11.16"]
[SourceVersion "1"]
[SourceVersionDate "1999.11.16"]
[SourceQuality "1"]

1. e4 c5 2. Nf3 d6 3. d4 cxd4 4. Nxd4 Nf6 5. Nc3 Nc6 6. Bg5 e6 7. Qd2 a6 8. 0-0-0 h6 9. Bf4 Bd7 10. Nxc6 Bxc6 11. Qe3 Qc7 12. Nd5 Bxd5 13. exd5 e5 14. Bg3 Be7 15. Kb1 0-0 16. Be2 Nd7 17. f4 exf4 18. Qxf4 Ne5 19. Rhf1 Rac8 20. c3 Rfe8 21. Bd3 Bg5 22. Qf2 Re7 23. Bxe5 1/2-1/2

[Event "Manhattan op"]
[Site "New York"]
[Date "1991.??.??"]
[Round "?"]
[White "Hulse, Brian"]
[Black "Young, Ronald"]
[Result "0-1"]
[WhiteElo "2215"]
[BlackElo "2290"]
[PlyCount "80"]
[EventDate "1991.??.??"]
[EventType "swiss"]
[EventRounds "9"]
[EventCountry "USA"]
[SourceTitle "EXT 2000"]
[Source "ChessBase"]
[SourceDate "1999.11.16"]
[SourceVersion "1"]
[SourceVersionDate "1999.11.16"]
[SourceQuality "1"]

1. d4 Nf6 2. c4 g6 3. Nf3 Bg7 4. Nc3 d5 5. e3 0-0 6. Qb3 dxc4 7. Bxc4 Nbd7 8. 0-0 a6 9. Ng5 Qe8 10. Nd5 Nxd5 11. Bxd5 h6 12. Nf3 Nf6 13. Bc4 b5 14. Bd3 Be6 15. Qc2 Rc8 16. a4 Nd5 17. Bd2 Nb6 18. axb5 axb5 19. Qc5 Bc4 20. Bxc4 Nxc4 21. Bb4 Nxb2 22. Qxe7 Qxe7 23. Bxe7 Rfe8 24. Bb4 Nd3 25. Rab1 Rb8 26. Nd2 Nxb4 27. Rxb4 c5 28. Rb3 cxd4 29. e4 b4 30. Rfb1 Bf8 31. Rd3 Rec8 32. Rxd4 b3 33. Rc4 Rd8 34. Nf1 b2 35. Ne3 Ra8 36. Rc2 Bg7 37. Re2 Ra1 38. Ree1 Rxb1 39. Rxb1 Rc8 40. Nf1 Rc1 0-1

[Event "New York op"]
[Site "New York"]
[Date "1991.??.??"]
[Round "?"]
[White "Vucic, Mladen"]
[Black "Young, Ronald"]
[Result "1/2-1/2"]
[WhiteElo "2380"]
[BlackElo "2290"]
[PlyCount "134"]
[EventDate "1991.03.??"]
[EventType "swiss"]
[EventRounds "9"]
[EventCountry "USA"]
[SourceTitle "EXT 2000"]
[Source "ChessBase"]
[SourceDate "1999.11.16"]
[SourceVersion "1"]
[SourceVersionDate "1999.11.16"]
[SourceQuality "1"]

1. d4 d5 2. Nf3 Nf6 3. c4 dxc4 4. e3 e6 5. Bxc4 c5 6. 0-0 a6 7. a3 b5 8. Ba2 Bb7 9. Nc3 Nbd7 10. Qe2 Be7 11. Rd1 Qc7 12. Bd2 Rc8 13. Rac1 Qb8 14. dxc5 Nxc5 15. b4 Nce4 16. Nxe4 Nxe4 17. Rxc8+ Qxc8 18. Rc1 Qd8 19. Be1 0-0 20. Nd4 Qb6 21. f3 Nf6 22. Bf2 Rc8 23. Rxc8+ Bxc8 24. Qc2 Bb7 25. e4 Qd6 26. Nb3 Bd8 27. Nc5 Bc8 28. g3 Qc6 29. Bb1 Nd7 30. Qd3 Bb6 31. Kg2 Nxc5 32. bxc5 Bc7 33. Bd4 e5 34. Bxe5 Qxc5 35. Bd4 Qc6 36. Ba2 Bd6 37. Bb2 Bf8 38. Bd5 Qb6 39. Qb3 Be6 40. f4 Bxd5 41. exd5 Qc5 42. h4 h5 43. Qd3 a5 44. f5 Bd6 45. Qe4 a4 46. f6 g6 47. Qe8+ Bf8 48. Qc6 Qe3 49. Bc1 Qd3 50. Bf4 Qe2+ 51. Kg1 b4 52. Bd6 Bxd6 53. Qxd6 b3 54. Qb8+ Kh7 55. d6 b2 56. d7 Qe1+ 57. Kg2 Qe4+ 58. Kf2 Qc2+ 59. Kf3 Qb3+ 60. Qxb3 axb3 61. d8Q b1Q 62. Qe7 Qd3+ 63. Kf2 Qd5 64. Qb4 Qd3 65. Qb7 Qd2+ 66. Kf3 Qd3+ 67. Kf2 Qd2+ 1/2-1/2